000 00506nam a22001697a 4500
999 _c60588
_d60588
005 20230913120708.0
008 230913s1985 enk||||| |||| 00| 0 eng d
020 _a0714112755
041 _aeng
080 _a94(37) W-19
100 _a Walker, Susan
_919811
245 _aMemorials to the Roman dead /
_c Susan Walker.
264 _aLondon,
_c1985.
300 _a64 p.:
_bill.;
_c25 cm.
653 _aრომაელი დაღუპულების მემორიალი
942 _2udc
_cBK